[Event "Mumbai Wealth U2050 op 5th"]
[Site "Mumbai"]
[Date "2020.01.02"]
[Round "1"]
[White "Suvankar, Maity"]
[Black "Gupta, Ananya Vikas"]
[Result "1-0"]
[WhiteElo "1835"]
[BlackElo "1211"]
[PlyCount "85"]
[EventDate "2020.01.02"]
[EventType "swiss"]
[EventRounds "9"]
[EventCountry "IND"]
[SourceTitle "CBM 194 Extra"]
[Source "ChessBase"]
[SourceDate "2020.03.31"]
[SourceVersion "1"]
[SourceVersionDate "2020.03.31"]
[SourceQuality "1"]

1. e4 e6 2. d3 d5 3. Nd2 c5 4. Ngf3 Nc6 5. g3 Bd6 6. Bg2 Nf6 7. 0-0 0-0 8. Re1 Qc7 9. c3 Bd7 10. Nf1 Rfd8 11. Bg5 Be7 12. e5 Ne8 13. h4 h6 14. Bf4 Bc8 15. N1h2 d4 16. c4 b6 17. Nd2 Bb7 18. a3 Rab8 19. Qh5 Bf8 20. Ng4 Ne7 21. Bxb7 Qxb7 22. Ne4 Ng6 23. Bd2 Qd7 24. Bxh6 gxh6 25. Nef6+ Nxf6 26. Nxf6+ Kg7 27. Nxd7 Rxd7 28. Qf3 b5 29. h5 Ne7 30. Qf6+ Kg8 31. Re4 Bg7 32. Rg4 Nf5 33. Rxg7+ Nxg7 34. Qxh6 bxc4 35. Qg5 cxd3 36. h6 f5 37. exf6 Rbb7 38. hxg7 Rxg7 39. fxg7 Rxg7 40. Qh5 c4 41. Qe8+ Kh7 42. Kg2 c3 43. Rh1# 1-0

[Event "Mumbai Wealth op U13"]
[Site "Mumbai"]
[Date "2016.01.28"]
[Round "1"]
[White "Chhabra, Aakash"]
[Black "Gupta, Ananya Vikas"]
[Result "1-0"]
[WhiteElo "1532"]
[BlackElo "1033"]
[PlyCount "71"]
[EventDate "2016.01.28"]
[EventType "swiss"]
[EventRounds "9"]
[EventCountry "IND"]
[SourceTitle "CBM 170 Extra"]
[Source "ChessBase"]
[SourceDate "2016.02.25"]
[SourceVersion "1"]
[SourceVersionDate "2016.02.25"]
[SourceQuality "1"]

1. d4 d5 2. c4 c6 3. Nf3 e6 4. Nc3 Nf6 5. Bg5 Be7 6. e3 0-0 7. cxd5 cxd5 8. Bd3 Nc6 9. 0-0 h6 10. Bh4 Bd7 11. h3 Re8 12. Nh2 Rc8 13. f4 Nb4 14. Bb1 a6 15. a3 Nc6 16. b4 b5 17. Bd3 Na7 18. Bxf6 Bxf6 19. Ne2 a5 20. g4 Qc7 21. Nf3 axb4 22. axb4 Be7 23. Qb3 Qb6 24. Ne5 Rcd8 25. f5 Nc6 26. Nxc6 Qxc6 27. fxe6 Bxe6 28. Rfc1 Qb7 29. Ra5 Bd7 30. Nf4 Bg5 31. Rc5 Rxe3 32. Bh7+ Kxh7 33. Qxe3 Bxf4 34. Qxf4 Kg8 35. Qd6 Re8 36. Rc7 1-0